7 thói quen cơ bản để bạn thành đạt

Salvato in:
Dettagli Bibliografici
Natura: Libro
Pubblicazione: 2006
Tags: Aggiungi Tag
Nessun Tag, puoi essere il primo ad aggiungerne! !
Thư viện lưu trữ: Mạng thư viện Đại học Đà Nẵng
LEADER 00463nam a22001811a 4500
001 000039042
003 15337
005 20160412021911.0
008 160412s2006 000
082 |a 4V(TK)563-64 
245 |a 7 thói quen cơ bản để bạn thành đạt  |c Đỗ Long Hạnh 
260 |c 2006 
OWN |a LNN 
999 |a From the UDN01 
TYP |a Monograph 
980 |a Mạng thư viện Đại học Đà Nẵng